[Event "SWE-chT 1920 Superettan"]
[Site "Sweden"]
[Date "2019.10.20"]
[Round "3"]
[White "Alarik, Martin"]
[Black "Borvander, Tom"]
[Result "1/2-1/2"]
[WhiteElo "2064"]
[BlackElo "2096"]
[PlyCount "45"]
[EventDate "2019.10.18"]
[EventType "team-tourn"]
[EventRounds "9"]
[EventCountry "SWE"]
[SourceTitle "EXT 2023"]
[Source "ChessBase"]
[SourceDate "2022.10.05"]
[SourceVersion "1"]
[SourceVersionDate "2022.10.05"]
[SourceQuality "1"]
[WhiteTeam "Stockholm Rockaden II"]
[BlackTeam "Kamraterna"]
[WhiteTeamCountry "SWE"]
[BlackTeamCountry "SWE"]

1. d4 Nf6 2. c4 g6 3. g3 Bg7 4. Bg2 0-0 5. Nf3 d6 6. 0-0 Nc6 7. Nc3 a6 8. d5 Na5 9. b3 c5 10. dxc6 Nxc6 11. Bb2 Ng4 12. Qd2 Bh6 13. e3 Bg7 14. Nd5 Bxb2 15. Qxb2 Rb8 16. Rfd1 Be6 17. Nf4 Bd7 18. Rac1 Nf6 19. b4 Qb6 20. a3 Rbe8 21. h3 Na5 22. Qa2 Nc6 23. Qb2 1/2-1/2

[Event "SWE-chT 1718 Superettan"]
[Site "Sweden"]
[Date "2018.02.04"]
[Round "6.1"]
[White "Laith, Kasib"]
[Black "Borvander, Tom"]
[Result "1-0"]
[WhiteElo "2060"]
[BlackElo "2145"]
[PlyCount "61"]
[EventDate "2017.10.20"]
[EventType "team-tourn"]
[EventRounds "9"]
[EventCountry "SWE"]
[SourceTitle "EXT 2019"]
[Source "ChessBase"]
[SourceDate "2018.10.10"]
[SourceVersion "1"]
[SourceVersionDate "2018.10.10"]
[SourceQuality "1"]
[WhiteTeam "Manhem"]
[BlackTeam "Kamraterna"]
[WhiteTeamCountry "SWE"]
[BlackTeamCountry "SWE"]

1. d4 Nf6 2. c4 g6 3. Nc3 Bg7 4. e4 d6 5. f3 0-0 6. Be3 c5 7. d5 e6 8. Nge2 a6 9. Qd2 exd5 10. cxd5 Re8 11. a4 Nbd7 12. Ng3 h5 13. Be2 h4 14. Nf1 Nh7 15. Qc2 Ne5 16. Nd2 h3 17. g4 Qa5 18. Rg1 f6 19. f4 Nf7 20. Nc4 Qc7 21. Rg3 Bd7 22. a5 Nh6 23. e5 fxe5 24. fxe5 Nf8 25. e6 Nxe6 26. Bxh6 Bxh6 27. Qxg6+ Bg7 28. Rf3 Nf8 29. Qf7+ Kh8 30. Rxh3+ Nh7 31. 0-0-0 1-0

[Event "SWE-chT 1112"]
[Site "Sweden"]
[Date "2012.03.11"]
[Round "9"]
[White "Lokander, Martin"]
[Black "Borvander, Tom"]
[Result "1-0"]
[WhiteElo "2113"]
[BlackElo "2174"]
[PlyCount "97"]
[EventDate "2011.10.07"]
[EventType "team-tourn"]
[EventRounds "9"]
[EventCountry "SWE"]
[SourceTitle "EXT 2013"]
[Source "ChessBase"]
[SourceDate "2012.11.22"]
[SourceVersion "1"]
[SourceVersionDate "2012.11.22"]
[SourceQuality "1"]
[WhiteTeam "Umea Rockaden"]
[BlackTeam "Kamraterna"]
[WhiteTeamCountry "SWE"]
[BlackTeamCountry "SWE"]

1. d4 Nf6 2. c4 g6 3. Nc3 Bg7 4. Nf3 0-0 5. Bg5 h6 6. Bh4 d6 7. e3 Bf5 8. h3 g5 9. Bg3 Nbd7 10. Bd3 Bxd3 11. Qxd3 Re8 12. Rd1 c6 13. 0-0 Qa5 14. a3 e5 15. Qf5 Re6 16. Nd2 Qb6 17. d5 Re7 18. Nde4 c5 19. Rd2 a6 20. h4 Nxe4 21. Nxe4 f6 22. Bh2 Rd8 23. Ng3 Nf8 24. Qg4 Rf7 25. Nf5 Ng6 26. f4 Nxh4 27. Nxh4 gxh4 28. fxe5 dxe5 29. Rdf2 Rdf8 30. Qg6 Qd6 31. Rf5 Qd7 32. e4 b5 33. b3 bxc4 34. bxc4 Qb7 35. Kh1 a5 36. Bg1 Qc7 37. Be3 Rb8 38. Rxf6 Rxf6 39. Rxf6 h3 40. Bxh6 hxg2+ 41. Kxg2 Rb2+ 42. Rf2 Rb7 43. Be3 Rb6 44. Qe8+ Kh7 45. Rf5 Rg6+ 46. Kf3 Rf6 47. Qh5+ Kg8 48. Rxf6 Bxf6 49. Qg6+ 1-0

[Event "SWE-chT 1112"]
[Site "Sweden"]
[Date "2012.03.09"]
[Round "7"]
[White "Borvander, Tom"]
[Black "Eriksson, Jorgen"]
[Result "0-1"]
[WhiteElo "2174"]
[BlackElo "2235"]
[PlyCount "102"]
[EventDate "2011.10.07"]
[EventType "team-tourn"]
[EventRounds "9"]
[EventCountry "SWE"]
[SourceTitle "EXT 2013"]
[Source "ChessBase"]
[SourceDate "2012.11.22"]
[SourceVersion "1"]
[SourceVersionDate "2012.11.22"]
[SourceQuality "1"]
[WhiteTeam "Kamraterna"]
[BlackTeam "Umea Rockaden"]
[WhiteTeamCountry "SWE"]
[BlackTeamCountry "SWE"]

1. d4 d5 2. c4 c6 3. Nf3 Nf6 4. Nc3 a6 5. g3 Bf5 6. Bg2 e6 7. 0-0 Nbd7 8. Nh4 Bg4 9. h3 Bh5 10. g4 Bg6 11. Nxg6 hxg6 12. Bf4 Be7 13. Qd3 0-0 14. a4 dxc4 15. Qxc4 Nd5 16. Bh2 a5 17. e4 Nb4 18. Qe2 Re8 19. Kh1 Qb6 20. Rad1 Rad8 21. f4 Nf8 22. Qf2 f6 23. Bg1 Qc7 24. Qe2 Bd6 25. e5 Be7 26. exf6 Bxf6 27. Ne4 Nd5 28. Bh2 Qb6 29. Nxf6+ gxf6 30. Qf2 f5 31. Bg3 Rd7 32. Rfe1 Qc7 33. gxf5 gxf5 34. Bf3 Ree7 35. Rg1 Rg7 36. Bxd5 exd5 37. Bh4 Qd6 38. Rde1 Rxg1+ 39. Rxg1+ Rg7 40. Re1 Qg6 41. Bg5 Nh7 42. Bd8 Nf6 43. Rg1 Ne4 44. Qe1 Qh5 45. Rxg7+ Kxg7 46. Kh2 Qf3 47. Bc7 Kf7 48. Be5 Qb3 49. Qg1 Qxb2+ 50. Qg2 Qxg2+ 51. Kxg2 b5 0-1

[Event "SWE-chT 1112"]
[Site "Sweden"]
[Date "2011.10.08"]
[Round "2"]
[White "Borvander, Tom"]
[Black "Malesevic, Nedeljko"]
[Result "1-0"]
[WhiteElo "2174"]
[BlackElo "2274"]
[PlyCount "113"]
[EventDate "2011.10.07"]
[EventType "team-tourn"]
[EventRounds "9"]
[EventCountry "SWE"]
[SourceTitle "EXT 2012"]
[Source "ChessBase"]
[SourceDate "2011.11.24"]
[SourceVersion "1"]
[SourceVersionDate "2011.11.24"]
[SourceQuality "1"]
[WhiteTeam "Kamraterna"]
[BlackTeam "Eksjo"]
[WhiteTeamCountry "SWE"]
[BlackTeamCountry "SWE"]

1. d4 d5 2. c4 e6 3. Nc3 Nf6 4. Bg5 Be7 5. e3 0-0 6. Nf3 c6 7. Rc1 Ne4 8. Bxe7 Qxe7 9. Qc2 f5 10. Bd3 Nd7 11. 0-0 Kh8 12. Nd2 Nxd2 13. Qxd2 dxc4 14. Bxc4 e5 15. Bb3 Nb6 16. Ne2 Be6 17. Bxe6 Qxe6 18. b3 Nd5 19. dxe5 Qxe5 20. Qd4 Qxd4 21. Nxd4 Rae8 22. g3 g6 23. a3 Kg7 24. b4 a6 25. Rfd1 Rf6 26. Nb3 Rfe6 27. Nc5 R6e7 28. Rd4 Kf7 29. a4 Nf6 30. Kg2 Ne4 31. Nd3 Ng5 32. f4 Ne4 33. Ne5+ Ke6 34. Rcd1 Rc7 35. Nd3 b6 36. Rc1 Rec8 37. Rdc4 Nd6 38. R4c2 Nb7 39. Kf3 Kd6 40. Ne5 b5 41. Ra1 Nd8 42. axb5 axb5 43. h4 Nf7 44. Nd3 Ke7 45. Nc5 Nd6 46. h5 Nc4 47. hxg6 hxg6 48. Rh2 Nd6 49. g4 fxg4+ 50. Kxg4 Nf7 51. Rd1 Ra8 52. e4 Rca7 53. e5 Rh8 54. Rxh8 Nxh8 55. Rh1 Nf7 56. e6 Ra2 57. Rh7 1-0

[Event "SWE-chT 1112"]
[Site "Sweden"]
[Date "2011.10.07"]
[Round "1"]
[White "Kimari, Patrik"]
[Black "Borvander, Tom"]
[Result "0-1"]
[WhiteElo "2130"]
[BlackElo "2174"]
[PlyCount "68"]
[EventDate "2011.10.07"]
[EventType "team-tourn"]
[EventRounds "9"]
[EventCountry "SWE"]
[SourceTitle "EXT 2012"]
[Source "ChessBase"]
[SourceDate "2011.11.24"]
[SourceVersion "1"]
[SourceVersionDate "2011.11.24"]
[SourceQuality "1"]
[WhiteTeam "Vasteras"]
[BlackTeam "Kamraterna"]
[WhiteTeamCountry "SWE"]
[BlackTeamCountry "SWE"]

1. e4 e5 2. Nc3 Nf6 3. Nf3 Nc6 4. Bb5 Nd4 5. Ba4 Bc5 6. d3 0-0 7. Bg5 Nxf3+ 8. Qxf3 Be7 9. Bb3 c6 10. 0-0 d6 11. h3 Ne8 12. Be3 Kh8 13. Qe2 Nc7 14. f4 exf4 15. Bxf4 Ne6 16. Be3 Bf6 17. Qf2 Bh4 18. Qd2 b5 19. Ne2 Qe7 20. c3 a5 21. a4 Bd7 22. axb5 cxb5 23. Bd5 Rae8 24. Rxa5 Nc7 25. c4 Nxd5 26. cxd5 f5 27. Ra7 Qd8 28. Nd4 fxe4 29. Rxf8+ Rxf8 30. dxe4 Qe8 31. Nf3 Bg3 32. Bd4 Qxe4 33. Rxd7 Qb1+ 34. Ne1 Bxe1 0-1

[Event "Gibraltar Masters"]
[Site "Gibraltar"]
[Date "2007.01.31"]
[Round "8"]
[White "Ansell, Simon"]
[Black "Borvander, Tom"]
[Result "1/2-1/2"]
[WhiteElo "2393"]
[BlackElo "2161"]
[PlyCount "92"]
[EventDate "2007.01.23"]
[EventType "swiss"]
[EventRounds "9"]
[EventCountry "ENG"]
[SourceTitle "CBM 116 Extra"]
[Source "ChessBase"]
[SourceDate "2007.03.07"]
[SourceVersion "1"]
[SourceVersionDate "2007.03.07"]
[SourceQuality "1"]

1. e4 e5 2. Nf3 Nc6 3. Bb5 a6 4. Ba4 Nf6 5. 0-0 b5 6. Bb3 Bc5 7. c3 d6 8. d4 Bb6 9. h3 Bb7 10. Re1 0-0 11. Be3 h6 12. d5 Ne7 13. Bxb6 cxb6 14. Nbd2 Bc8 15. Nh4 g5 16. Qf3 Kg7 17. Nf5+ Nxf5 18. exf5 Bd7 19. Nf1 e4 20. Rxe4 Nxe4 21. Qxe4 Re8 22. Qf3 Re5 23. Ne3 f6 24. Rd1 Qc8 25. Bc2 Qc5 26. Rd4 Rh8 27. h4 Be8 28. Kf1 Bf7 29. Qg3 a5 30. f4 Rxe3 31. Qxe3 g4 32. Rd3 Qc7 33. Qe2 h5 34. Re3 Qc5 35. Re7 Rf8 36. Qe3 Qc4+ 37. Bd3 Qxd5 38. Qe2 Kg8 39. Bxb5 Qxf5 40. g3 Qd5 41. Kf2 Qc5+ 42. Kg2 Bd5+ 43. Kh2 Rf7 44. Re8+ Kg7 45. Bd3 Bf3 46. Qe3 Qd5 1/2-1/2

[Event "SWE-chT 0506"]
[Site "Sweden"]
[Date "2006.??.??"]
[Round "9"]
[White "Borvander, Tom"]
[Black "Semcesen, Daniel"]
[Result "0-1"]
[WhiteElo "2238"]
[BlackElo "2308"]
[PlyCount "86"]
[EventDate "2005.10.??"]
[EventType "team-tourn"]
[EventRounds "11"]
[EventCountry "SWE"]
[SourceTitle "EXT 2008"]
[Source "ChessBase"]
[SourceDate "2007.11.25"]
[SourceVersion "1"]
[SourceVersionDate "2007.11.25"]
[SourceQuality "1"]
[WhiteTeam "Kamraterna"]
[BlackTeam "Lund"]
[WhiteTeamCountry "SWE"]
[BlackTeamCountry "SWE"]

1. d4 d5 2. c4 c6 3. Nf3 Nf6 4. Nc3 a6 5. c5 Bf5 6. Bf4 Nbd7 7. h3 e6 8. e3 Be7 9. Bd3 Bxd3 10. Qxd3 0-0 11. 0-0 Nh5 12. Bh2 f5 13. b4 g5 14. Ne5 f4 15. exf4 Nxf4 16. Bxf4 Rxf4 17. Ng4 e5 18. Ne2 e4 19. Qd2 Rf8 20. Ng3 Kg7 21. Ne3 Kh8 22. Qe2 Nf6 23. Nef5 Qd7 24. a4 Bd8 25. b5 axb5 26. axb5 Bc7 27. b6 Bf4 28. Ne3 Rae8 29. Ngf5 Ng8 30. Ng3 Nh6 31. Ra7 Bb8 32. Ra4 Re6 33. Ng4 Ng8 34. Ra8 Qg7 35. Rd1 Ne7 36. Ne3 Qf7 37. Rd2 Ng6 38. Qh5 Rf6 39. Ng4 e3 40. Rxb8 exd2 41. Rxf8+ Nxf8 42. Ne3 Qxh5 43. Nxh5 Re6 0-1

[Event "SWE-chT 0405"]
[Site "Sweden"]
[Date "2005.??.??"]
[Round "6"]
[White "Borvander, Tom"]
[Black "Sandklef, Ake"]
[Result "1-0"]
[WhiteElo "2245"]
[BlackElo "1889"]
[PlyCount "69"]
[EventDate "2004.11.05"]
[EventType "team-tourn"]
[EventRounds "11"]
[EventCountry "SWE"]
[SourceTitle "EXT 2006"]
[Source "ChessBase"]
[SourceDate "2005.11.24"]
[SourceVersion "1"]
[SourceVersionDate "2005.11.24"]
[SourceQuality "1"]
[WhiteTeam "Kamraterna"]
[BlackTeam "Astorp"]
[WhiteTeamCountry "SWE"]
[BlackTeamCountry "SWE"]

1. d4 d5 2. c4 c6 3. Nf3 Nf6 4. Nc3 dxc4 5. a4 Bf5 6. Ne5 Nbd7 7. Nxc4 Qc7 8. g3 e5 9. dxe5 Nxe5 10. Bf4 Nfd7 11. Bg2 f6 12. 0-0 Be6 13. Nxe5 Nxe5 14. a5 Be7 15. a6 b6 16. Qa4 Rc8 17. Rac1 0-0 18. Nd5 cxd5 19. Rxc7 Rxc7 20. Rd1 Rc4 21. Qa2 d4 22. Bf1 Bf7 23. Qa1 Rd8 24. Rc1 Rdc8 25. Rxc4 Rxc4 26. b3 Rb4 27. Bd2 Rxb3 28. Qxd4 Be6 29. Qe4 Kf7 30. f4 Bc5+ 31. e3 Bf5 32. Qxf5 Nf3+ 33. Kf2 Rb2 34. Qd5+ Kf8 35. Kxf3 1-0